MARC details
| 000 -CABECERA |
| campo de control de longitud fija |
01541cam a22003371i 4500 |
| 001 - NÚMERO DE CONTROL |
| campo de control |
99118526941204341 |
| 005 - FECHA Y HORA DE LA ÚLTIMA TRANSACCIÓN |
| campo de control |
20251112155636.0 |
| 008 - DATOS DE LONGITUD FIJA--INFORMACIÓN GENERAL |
| campo de control de longitud fija |
240901s2025 enk b 000 0 eng d |
| 015 ## - NÚMERO DE BIBLIOGRAFÍA NACIONAL |
| Número de bibliografía nacional |
GBC534676 |
| Fuente |
bnb |
| 016 7# - NÚMERO DE CONTROL DE UNA AGENCIA BIBLIOGRÁFICA NACIONAL |
| Número de control del registro |
300537144 |
| Fuente |
Uk |
| 020 ## - NÚMERO INTERNACIONAL ESTÁNDAR DEL LIBRO |
| Número Internacional Estándar del Libro |
9781836004776 |
| 024 8# - IDENTIFICADOR DE OTROS ESTÁNDARES |
| Número estándar o código |
CIPO000207215 |
| 029 1# - OTRO NÚMERO DE CONTROL DE SISTEMA (OCLC) |
| Identificador de la biblioteca OCLC |
UKMGB |
| Número de control de sistema |
300537144 |
| 035 ## - NÚMERO DE CONTROL DEL SISTEMA |
| Número de control de sistema |
(OCoLC)1453719134 |
| 035 ## - NÚMERO DE CONTROL DEL SISTEMA |
| Número de control de sistema |
(OCoLC)on1453719134 |
| 040 ## - FUENTE DE LA CATALOGACIÓN |
| Centro catalogador/agencia de origen |
YDX |
| Lengua de catalogación |
eng |
| Normas de descripción |
rda |
| Centro/agencia transcriptor |
YDX |
| Centro/agencia modificador |
OCLCO |
| -- |
OCO |
| -- |
UKMGB |
| -- |
OCLCO |
| -- |
BDX |
| -- |
NZAUC |
| -- |
OCLCO |
| -- |
NLE |
| 041 ## - CÓDIGO DE LENGUA |
| Código de lengua del texto/banda sonora o título independiente |
English |
| 049 ## - FONDOS LOCALES (OCLC) |
| Fondos de biblioteca |
NLES |
| 100 ## - ENTRADA PRINCIPAL--NOMBRE DE PERSONA |
| Nombre de persona |
Doran, Clara |
| Término indicativo de función/relación |
author. |
| 9 (RLIN) |
25778 |
| 245 10 - MENCIÓN DE TÍTULO |
| Título |
Heads up |
| Resto del título |
: how to look after your brain so it will look after you |
| Mención de responsabilidad, etc. |
/ Dr. Clara Doran |
| 264 #1 - PRODUCCIÓN, PUBLICACIÓN, DISTRIBUCIÓN, FABRICACIÓN Y COPYRIGHT |
| Producción, publicación, distribución, fabricación y copyright |
London : |
| Nombre del de productor, editor, distribuidor, fabricante |
Leaping Hare Press, |
| Fecha de producción, publicación, distribución, fabricación o copyright |
2025. |
| 300 ## - DESCRIPCIÓN FÍSICA |
| Extensión |
160 pages ; |
| Dimensiones |
21 cm |
| 504 ## - NOTA DE BIBLIOGRAFÍA, ETC. |
| Nota de bibliografía, etc. |
Includes bibliographic references. |
| 520 ## - SUMARIO, ETC. |
| Sumario, etc. |
Problems focusing?<br/>Low energy levels?<br/>Mood swings?<br/><br/>Perhaps you need to look at how you’re caring for your brain.<br/><br/>New research is proving that how we care for our brains governs how well we live, and in this accessible, brain-friendly book Dr Clara Doran outlines the best ways to do this. <br/><br/>From nutrition and sleep to continuous learning and the company we keep, everything we do has an impact on our brains, which means everything we do better helps them to thrive. |
| 650 #0 - PUNTO DE ACCESO ADICIONAL DE MATERIA--TÉRMINO DE MATERIA |
| Término de materia o nombre geográfico como elemento de entrada |
Brain health |
| Subdivisión general |
Health. |
| 650 #0 - PUNTO DE ACCESO ADICIONAL DE MATERIA--TÉRMINO DE MATERIA |
| Término de materia o nombre geográfico como elemento de entrada |
Brain |
| Subdivisión general |
Care and hygiene |
| 9 (RLIN) |
24763 |
| 650 #0 - PUNTO DE ACCESO ADICIONAL DE MATERIA--TÉRMINO DE MATERIA |
| Término de materia o nombre geográfico como elemento de entrada |
Mental health |
| 9 (RLIN) |
12874 |
| 650 #0 - PUNTO DE ACCESO ADICIONAL DE MATERIA--TÉRMINO DE MATERIA |
| Término de materia o nombre geográfico como elemento de entrada |
Self-care, Health |
| 9 (RLIN) |
22295 |
| 655 #7 - TÉRMINO DE INDIZACIÓN--GÉNERO/FORMA |
| Datos o término principal de género/forma |
Self-help publications. |
| Fuente del término |
lcgft |
| 9 (RLIN) |
23836 |
| 942 ## - ELEMENTOS DE ENTRADA AGREGADA (KOHA) |
| Fuente del sistema de clasificación o colocación |
Clasificación de Library of Congress |